000 00376nam a22001697a 4500
003 OSt
005 20211006083557.0
008 211006b |||||||| |||| 00| 0 eng d
020 _a0393978754
040 _chu
082 _a302/gil
100 _agilovich thomas
_910535
245 _asocial psychology
260 _ausa
_bhall
_c2006
300 _a511
942 _2ddc
_cBOOKS
_n0
999 _c9777
_d9777